| 000 | 00603nam a2200193Ia 4500 | ||
|---|---|---|---|
| 003 | GCL | ||
| 008 | 140319s9999 xx 000 0 ara d | ||
| 040 |
_aGCL / _cGCL |
||
| 082 | 0 | 4 |
_a923.2 _bك ر |
| 100 | 1 | _aمحمد عبدالله الشفقى | |
| 245 | 1 | 0 |
_aالروادالاول للاشتراكية (هدية من الاديب عبدالفتاح الجمل) / _cمحمد عبدالله الشفقى |
| 700 | 1 | _aكول, ج هـ | |
| 300 | _a170 | ||
| 490 |
_aاخترنا لك _v0 |
||
| 650 | 0 | 4 | _aالاشتراكية |
| 650 | 0 | 4 | _aسان سيمون |
| 650 | 0 | 4 | _aكينج |
| 942 |
_2ddc _cBK |
||
| 999 |
_c46845 _d46845 |
||